000 00289nam a22001337a 4500
008 171030b xxu||||| |||| 00| 0 eng d
020 _a9780071798112
041 _aeng
080 _a33
100 _a58
101 _aBUS
245 _aEMERGING MARKETS RULE
_cGUILLEN,M
942 _2udc
_cBK
999 _c36548
_d36548